Catálogo
 En Linea

Transporte Público : (Registro nro. 44284)

Detalles MARC
000 -CABECERA
campo de control de longitud fija 01367nam a2200289 a 4500
001 - NÚMERO DE CONTROL
campo de control 000044795
003 - IDENTIFICADOR DEL NÚMERO DE CONTROL
campo de control DO-SdBNP
005 - FECHA Y HORA DE LA ÚLTIMA TRANSACCIÓN
campo de control 20240313073819.0
007 - CAMPO FIJO DE DESCRIPCIÓN FÍSICA--INFORMACIÓN GENERAL
campo de control de longitud fija ta
008 - DATOS DE LONGITUD FIJA--INFORMACIÓN GENERAL
campo de control de longitud fija 150112s2014 dr 000 0 spa d
020 ## - NÚMERO INTERNACIONAL ESTÁNDAR DEL LIBRO
Número Internacional Estándar del Libro 9789945412970
040 ## - FUENTE DE LA CATALOGACIÓN
Centro catalogador/agencia de origen DO-SdBNP
Lengua de catalogación spa
Centro/agencia transcriptor BNPHU
082 #4 - NÚMERO DE LA CLASIFICACIÓN DECIMAL DEWEY
Número de documento/Ítem T772p
Número de edición 22
245 00 - MENCIÓN DE TÍTULO
Título Transporte Público :
Resto del título y otros temas periodísticos /
Mención de responsabilidad, etc. Mariela Mejía ... [et al.]. ; ilustración Paolar de la Cruz
260 ## - PUBLICACIÓN, DISTRIBUCIÓN, ETC.
Lugar de publicación, distribución, etc. Santo Domingo :
Nombre del editor, distribuidor, etc. FUNGLODE,
Fecha de publicación, distribución, etc. 2014.
300 ## - DESCRIPCIÓN FÍSICA
Extensión 120 p. ;
Dimensiones 23 cm.
505 0# - NOTA DE CONTENIDO CON FORMATO
Información miscelánea Primer lugar
Título Transporte público
Mención de responsabilidad Mariela Mejía y Tania Molina
Información miscelánea Segundo lugar
Título Mafia del tráfico y la trata humana
Mención de responsabilidad Leisy Torres
Información miscelánea Tercer lugar
Título Madres enfrentan violencia y escollos judiciales al exigir manutención
Mención de responsabilidad Felivia Mejía
Información miscelánea Mención
Título Niños pedigüeños no tienen dolientes
Mención de responsabilidad Mercedes González
Información miscelánea Mención
Título El béisbol, la lotería de muchas familias dominicans
Mención de responsabilidad Nicanor Leyba
Información miscelánea Mención
Título Escuelas inclusivas. Realidad a medias en RD
Mención de responsabilidad Tania Molina
586 ## - NOTA DE PREMIOS
Nota de premios Premio FUNGLODE de periodismo Rafael Herrera 2013
590 ## - NOTA LOCAL (RLIN)
Nota local Inventariado, 2023/BT
700 1# - PUNTO DE ACCESO ADICIONAL--NOMBRE DE PERSONA
Nombre de persona Molina, Tania
9 (RLIN) 72817
700 1# - PUNTO DE ACCESO ADICIONAL--NOMBRE DE PERSONA
Nombre de persona Torres, Leisy
9 (RLIN) 71366
700 1# - PUNTO DE ACCESO ADICIONAL--NOMBRE DE PERSONA
Nombre de persona Mejía, Felivia
9 (RLIN) 72818
700 1# - PUNTO DE ACCESO ADICIONAL--NOMBRE DE PERSONA
Nombre de persona González, Mercedes
9 (RLIN) 72819
700 1# - PUNTO DE ACCESO ADICIONAL--NOMBRE DE PERSONA
Nombre de persona Leyba, Nicanor
9 (RLIN) 72820
710 2# - PUNTO DE ACCESO ADICIONAL--NOMBRE DE ENTIDAD CORPORATIVA
Nombre de entidad corporativa o nombre de jurisdicción como elemento de entrada Fundación Global Democracía y Desarrollo
9 (RLIN) 25477
942 ## - ELEMENTOS DE PUNTO DE ACCESO ADICIONAL (KOHA)
Fuente del sistema de clasificación o colocación Dewey Decimal Classification
Tipo de ítem Koha Libro
Existencias
Estado de retiro Estado de pérdida Fuente del sistema de clasificación o colocación Restricciones de uso No para préstamo Código de colección Localización permanente Ubicación/localización actual Ubicación en estantería Fecha de adquisición Signatura topográfica completa Código de barras Fecha visto por última vez Número de copia Precio válido a partir de Tipo de ítem Koha Fuente de adquisición Total de préstamos
    Dewey Decimal Classification Préstamo en sala   Dominicana de Servicio Biblioteca Nacional Pedro Henríquez Ureña Biblioteca Nacional Pedro Henríquez Ureña En catalogación 12.01.2015 BNPHU DS T772p 44795-30 25.06.2020 e. 3 25.06.2020 Libro    
    Dewey Decimal Classification Excluido de préstamo   Patrimonio Dominicano Biblioteca Nacional Pedro Henríquez Ureña Biblioteca Nacional Pedro Henríquez Ureña Depósito 12.01.2015 BNPHU PD T772p 44795-10 25.06.2020   25.06.2020 Libro    
    Dewey Decimal Classification Excluido de préstamo   Patrimonio Dominicano Biblioteca Nacional Pedro Henríquez Ureña Biblioteca Nacional Pedro Henríquez Ureña Depósito 12.01.2015 BNPHU PD T772p 44795-20 25.06.2020 e. 2 25.06.2020 Libro    
    Dewey Decimal Classification Préstamo en sala   Dominicana de Servicio Biblioteca Nacional Pedro Henríquez Ureña Biblioteca Nacional Pedro Henríquez Ureña En catalogación 20.02.2023 BNPHU DS T772p 2023-1027 20.02.2023 e.4 20.02.2023 Libro Donación  

Con tecnología Koha